| Record ID | ia:rotulideliberate00grea |
| Source | Internet Archive |
| Download MARC XML | https://archive.org/download/rotulideliberate00grea/rotulideliberate00grea_marc.xml |
| Download MARC binary | https://www.archive.org/download/rotulideliberate00grea/rotulideliberate00grea_meta.mrc |
LEADER: 01167cam a22003610a 4500
001 2451523
003 SIRSI
008 920424s1844 enk 1 lat e
011 $a30029647
035 $a(Sirsi) ANT-7906
035 0 $feha
035 $a(OCoLC)1343620
040 $aotsm$cotsm$dCaOTU
041 0 $alateng
043 $ae-uk-en
045 $ak9l1
055 3 $aDA25$b.D36 1844
090 8 $aDA 25 .D36 1844$bIMS
090 9 $aUK1..RC..10....-P30$bGOVT$c1
110 10 $aGreat Britain.$bCourt of Chancery.
245 10 $aRotuli de Liberate ac de misis et praestitis, regnante Johanne /$ccura T. Duffus Hardy.
260 $aLondon :$bPrinted by G.E. Eyre and A. Spottiswoode,$c1844.
300 $axix, 311 p.
500 $aPreface in English.
500 $aIncludes indexes.
596 $a26 27
651 0 $aGreat Britain$xHistory$yJohn, 1199-1216$xSources
700 10 $aHardy, Thomas Duffus,$cSir,$d1804-1878
710 10 $aGreat Britain.$bExchequer
710 10 $aGreat Britain.$bPublic Record Office
948 $a07/16/1992$b02/23/2002
926 $aROBARTS$bGOVPUBS$cUK1..RC..10....-P30$dBOOK$f1
926 $aPIMS$bLIBRARYUSE$cDA25 .D36 1844$dBOOK$f1